000 00886nas a2200289 4500
001 BR9900480
003 BR-BrBNA
005 20231205101215.0
007 ta
008 230509b bl.|||p| |||| 00| 00por d
040 _aBR-BrBNA
_bpor
_cBiblioteca Nacional de Agricultura
041 _a(Pt)
072 _aL02
100 1 _aScapinello, C.
100 1 _aFaria, H.G. de
100 1 _aFurlan, A.C.
100 1 _aPedro, M.R.S.
245 1 _aInfluencia de diferentes niveis de acido fumarico ou acido acetico sobre o desempenho de coelhos em crescimento
650 _aPerformance
650 _aCoelho Nova Zelandia
650 _aPeso
650 _aAcido Organico
650 _aDieta
773 0 _tRevista Brasileira de Zootecnia (Brazil)
_xISSN 0100-4859
_g(Sep-Oct 1998), v. 27(5) p. 945-950
_wBR9900480
909 _a202311
_bLúcia
_c55
_dLúcia Elande
942 _2AGRIS
_n0
_cANA
999 _c160415
_d160415